000 01085nam a22003617a 4500
001 0024321
003 KOHA_MİRAKIL
005 20260207002436.0
007 ta
008 101112b2008 tu |||gr||||#||||0|tur |
020 _a9789944770439
_c20,27
040 _aTR-BiSEU
_btur
_cTR-BiSEU
_erda
041 0 _atur
044 _ctu
050 _aHB75
_b.E77 2008
100 1 _aErsoy, Arif.
245 1 _aİktisadi teoriler ve düşünceler tarihi/
_cArif Ersoy ; Arif Ersoy.
250 _a3. basım.
264 1 _aAnkara :
_bNobel Yayın Dağıtım
_c2008
300 _axxiv, 799 sayfa; 24 cm.
336 _ametin
_btxt
_2rdacontent
337 _aaracısız
_bn
_2rdamedia
338 _acilt
_bnc
_2rdacarrier
490 1 _aNobel ;
_vyayın no: 1057.
490 1 _aİktisadi ve İdari Bilimler ;
_v168
500 _aKaynakça var.
650 0 _aEconomics.
_97142
650 0 _aEconomics--History.
_98353
650 0 _aEconomic thought.
_949709
830 1 _aNobel ;
_vyayın no: 1057.
_91846
830 1 _aİktisadi ve İdari Bilimler ;
_v168
_923195
942 _2lcc
_cBK
999 _c24273
_d24273